| 000 | 01263cam a2200229 4500 | ||
|---|---|---|---|
| 001 | WB4031-01 | ||
| 008 | 040811n2004 000 0 eng u | ||
| 035 | _a(Sirsi) u127053 | ||
| 245 | 4 | _aThe future is hot for our offices | |
| 260 | _c2004 | ||
| 490 |
_aBuilding _v(269) 8344, 6 August 2004, 12 (1) |
||
| 520 | _aAccording to research carried out by Arup as part of a study for the DTI, entitled "Futureproofing our buildings" (http://www.arup.com/ard/project.cfm?pageid=3297), global warming could make naturally ventilated offices virtually unusable for one quarter of the year. The report recommends that siestas, going home in hot weather, longer holidays, relaxed dress codes and relocating offices to the cooler north of Britain will be the only way that office workers of the year 2080 will survive roasting summers and office temperatures of 39°C. Designers and developers will need to change the design of buildings if they are to remain in use as climate change takes place. | ||
| 590 | _aWB | ||
| 590 | _aWB | ||
| 650 | _aGLOBAL WARMING | ||
| 650 | _aCLIMATE CHANGE | ||
| 650 | _aCOMMERCIAL BUILDINGS | ||
| 650 | _aNATURAL VENTILATION | ||
| 650 | _aHOUSING | ||
| 690 | _aBUILDING AND CONSTRUCTION-DESIGN AND STRUCTURES | ||
| 942 | _n0 | ||
| 999 |
_c117842 _d117842 |
||